Ḥimo melekh Yerushalayim. (Record no. 32180)

MARC details
000 -LEADER
fixed length control field 00622cam a22002291 4500
001 - CONTROL NUMBER
control field he 67000375
003 - CONTROL NUMBER IDENTIFIER
control field DLC
005 - DATE AND TIME OF LATEST TRANSACTION
control field 20260227111444.0
008 - FIXED-LENGTH DATA ELEMENTS--GENERAL INFORMATION
fixed length control field 840503s1966 is 000 1 heb
010 ## - LIBRARY OF CONGRESS CONTROL NUMBER
LC control number he 67000375
035 ## - SYSTEM CONTROL NUMBER
System control number (OCoLC)19156048
040 ## - CATALOGING SOURCE
Original cataloging agency DLC
Transcribing agency MH
Modifying agency NNL
-- DLC
042 ## - AUTHENTICATION CODE
Authentication code premarc
050 00 - LIBRARY OF CONGRESS CALL NUMBER
Classification number PJ5054.K326
Item number H5
100 1# - MAIN ENTRY--PERSONAL NAME
Personal name Kaniuk, Yoram.
245 10 - TITLE STATEMENT
Title Ḥimo melekh Yerushalayim.
260 ## - PUBLICATION, DISTRIBUTION, ETC.
Place of publication, distribution, etc. Tel Aviv :
Name of publisher, distributor, etc. ʻAm ʻoved,
Date of publication, distribution, etc. [1966]
300 ## - PHYSICAL DESCRIPTION
Extent 175 p.
490 0# - SERIES STATEMENT
Series statement Sifriyah la-ʻam ;
Volume/sequential designation 101
500 ## - GENERAL NOTE
General note Added t.p. in English: Himmo King of Jerusalem; a novel.
752 ## - ADDED ENTRY--HIERARCHICAL PLACE NAME
Country or larger entity Israel
City Tel Aviv

No items available.

Powered by Koha